Hacia una nueva moral para nuestro tiempo
Збережено в:
| Автор: | |
|---|---|
| Формат: | Книга |
| Мова: | Іспанська |
| Опубліковано: |
Bogotá
San Pablo
1995
|
| Предмети: | |
| Теги: |
Додати тег
Немає тегів, Будьте першим, хто поставить тег для цього запису!
|
MARC
| LEADER | 00000nam a2200000 a 4500 | ||
|---|---|---|---|
| 001 | UCZ9895 | ||
| 003 | CL-VaPUC | ||
| 008 | 960312e19950000CK |||||||||||||||||spa|d | ||
| 082 | 0 | 4 | |a 170 |b ROD |2 21 |
| 100 | 0 | |a Rodríguez, Eudoro |e author |9 354844 | |
| 245 | 1 | 0 | |a Hacia una nueva moral para nuestro tiempo |
| 300 | |a 93 p | ||
| 942 | |c BK | ||
| 945 | |d 19960312 00:00:00 |a aalvarez | ||
| 260 | |a Bogotá |b San Pablo |c 1995 | ||
| 650 | 0 | |a Moral |9 265913 | |
| 650 | 0 | |a Ética |9 255099 | |
| 650 | 7 | |a CRISIS MORAL |2 CL-VaPUC |9 354845 | |
| 650 | 7 | |a PERSONA |2 CL-VaPUC |9 327934 | |
| 650 | 0 | |a Conciencia |9 309452 | |
| 650 | 7 | |a SOCIEDAD DE CONSUMO |2 CL-VaPUC |9 354846 | |
| 650 | 0 | |a Derechos humanos |9 223025 | |
| 650 | 0 | |a Democracia |9 255256 | |
| 583 | |a last modification |c 19960312 00:00:00 |k Rodrigo Vera | ||
| 999 | |c 244943 |d 244941 | ||
| 952 | |0 0 |1 2 |4 0 |6 170_000000000000000_ROD_1995 |7 0 |8 A |9 259231 |a BIBTEO |b BIBTEO |d 2019-11-19 |i 3176614 |o 170 ROD 1995 |p 3176614 |r 2019-11-19 |w 2019-11-19 |x Descarte 2019 |y BK |k ICR | ||
| 952 | |0 0 |1 0 |4 0 |6 170_000000000000000_ROD_1995 |7 0 |8 A |9 259232 |a BIBTEO |b BIBTEO |d 2019-11-19 |i 3431746 |o 170 ROD 1995 |p 3431746 |r 2019-11-19 |w 2019-11-19 |y BK |k ICR | ||
| 952 | |0 0 |1 0 |4 0 |6 170_000000000000000_ROD_1995 |7 0 |8 A |9 259233 |a BIBTEO |b BIBTEO |d 2019-11-19 |i 3431754 |o 170 ROD 1995 |p 3431754 |r 2019-11-19 |w 2019-11-19 |y BK |k ICR | ||